| 000 | 00952cam a2200301 4500 | ||
|---|---|---|---|
| 008 | 000000n1999 000 0 eng u | ||
| 020 | _a1861521588 | ||
| 035 | _a(Sirsi) u105623 | ||
| 041 | _aeng | ||
| 050 | _a338.4369 | ||
| 100 | _aEccles, T. | ||
| 245 | _aProperty and construction economics | ||
| 260 |
_aLondon _bInternational Thomson Business Press _c1999 |
||
| 300 | _axi, 202p ; 25cm. | ||
| 350 | _a18.99 | ||
| 520 | _aA comprehensive introduction to basic economic theory. It is specially written to follow the topics covered in undergraduate real estate, surveying and construction courses. | ||
| 650 | _aECONOMICS | ||
| 650 | _aCONSTRUCTION INDUSTRY | ||
| 650 | _aPROPERTY MARKET | ||
| 650 | _aFINANCIAL MARKETS | ||
| 650 | _aBUSINESS CYCLES | ||
| 650 | _aBUILDING CYCLES | ||
| 650 | _aPROPERTY CYCLES | ||
| 690 | _aBUILDING AND CONSTRUCTION-ECONOMICS | ||
| 700 | _aSayce, S | ||
| 700 | _aSmith, J. | ||
| 942 | _n0 | ||
| 999 |
_c100454 _d100454 |
||